Normal view
MARC view
- تراجم مصر -فرعون-تاريخ
Entry Topical Term
001 - CONTROL NUMBER
- control field: 37761
003 - CONTROL NUMBER IDENTIFIER
- control field: JO-AjAnu
005 - DATE AND TIME OF LATEST TRANSACTION
- control field: 20230606080308.0
008 - FIXED-LENGTH DATA ELEMENTS
- fixed length control field: 230606|| aca||aabn | a|a d
040 ## - CATALOGING SOURCE
- Original cataloging agency: JO-AjAnu
- Transcribing agency: JO-AjAnu
150 ## - HEADING--TOPICAL TERM
- Topical term or geographic name entry element: تراجم مصر -فرعون-تاريخ
670 ## - SOURCE DATA FOUND
- Source citation: Work cat.: (JO-AjAnu)19374: تاليف فورد، دونالد ريد؛ ترجمة قنديل، بيومي, author 37760, أخناتون ذلك الفرعون المارق